Govt. of
Madhya Pradesh

Curses And Boons In The Valmiki Ramayana (Record no. 65584)

MARC details
000 -LEADER
fixed length control field 00280nam a22001097a 4500
082 ## - DEWEY DECIMAL CLASSIFICATION NUMBER
Classification number 294/LAL
100 ## - MAIN ENTRY--AUTHOR NAME
Personal name Lalye, P.G.
245 ## - TITLE STATEMENT
Title Curses And Boons In The Valmiki Ramayana
260 ## - PUBLICATION, DISTRIBUTION, ETC. (IMPRINT)
Place of publication Delhi
Name of publisher Bharatiya Kala Prakashan
Year of publication 2018
650 ## - SUBJECT ADDED ENTRY--TOPICAL TERM
Topical Term Hindu Religion
942 ## - ADDED ENTRY ELEMENTS (KOHA)
Koha item type Books
Holdings
Withdrawn status Lost status Damaged status Not for loan Home library Current library Date acquired Cost, normal purchase price Full call number Accession Number Price effective from Koha item type
        MACL MACL 18/11/2022 895.00 294/LAL CRE040146 18/11/2022 Books